000 00836nam a2200229 a 4500
001 39455
003 BD-RjUL
005 20211209053008.0
008 160411s2014 bg ||||| |||| 00| 0 ben d
020 _a984700002020
_c: Tk 130.00
035 _a(BD-RjUL)39568
040 _aBD-RjUL
_bben
_cBD-RjUL
041 _aben
082 _223
_a891.441
_bAHM 2014
100 _aআহসান, মোস্তফা তারিকুল.
_9119841
245 1 0 _aমেঘেদের ইসতেহার /
_cমোস্তফা তারিকুল আহসান.
260 _aঢাকা :
_bজাতীয় সাহিত্য প্রকাশ,
_c২০১৪.
300 _a৪৮ পৃ. ;
_c২১ সেমি.
650 _aবাংলা কবিতা
_9121598
650 _aBengali poetry
_9121599
942 _2ddc
_cBK
999 _c39455
_d39455